00947nam a2200265 a 450000500170000000800410001702000150005805000250007310000210009824500750011925000120019426000620020630000360026865000230030465000360032765000340036365000250039765000240042270000200044670000190046670000250048594200170051099900170052795201370054420140310183353.0130408s19uu xx 00 eng d a9810699840 aRC 86.7 b.H339 2007 aHafen, Brent Q.  aFirst aid for colleges and universities /cBrent Q. Hafen... [et al.]. a8th ed. aJurong, Singapore :bPearson Education South Asia,c2004. axviii, 558 p. :bill. ;c26 cm. aEmergency medicine aFirst aid in illness and injury aEmergency medicinexHandbooks aFirst aidxHandbooks aWounds and injuries aHafen, Brent Q. aLimmer, Daniel aMistovich, Joseph J. cBK2lcckFOR c22165d22165 00102lcc40aCLbCLcGCd2013-03-26eDONATIONl2m1oRC 86.7 .H339 2007pC15794r2019-01-25 00:00:00s2018-10-05t1w2014-03-10yBK